[Event "37. Copenhagen Open (Politiken Cup)"]
[Site "Elsinore"]
[Date "2015.07.31"]
[Round "8"]
[White "Nielsen, Jorgen Lovgren"]
[Black "Jensen, Tommy"]
[Result "1/2-1/2"]
[WhiteElo "2106"]
[BlackElo "1821"]
[PlyCount "95"]
[EventDate "2015.07.25"]
[EventType "swiss"]
[EventRounds "10"]
[EventCountry "DEN"]
[Source "ChessBase"]
[SourceDate "2015.09.14"]

1. e4 e5 2. Nf3 d6 3. d4 exd4 4. Nxd4 Nf6 5. Nc3 Be7 6. Be2 O-O 7. O-O Nbd7 8.
Nf5 Nc5 9. Nxe7+ Qxe7 10. f3 h6 11. Be3 b6 12. b4 Ncd7 13. Nb5 Ne5 14. c4 a6
15. Nd4 c5 16. Nb3 Bb7 17. Qd2 Rad8 18. a4 Rfe8 19. a5 Ned7 20. Bf4 d5 21. Bc7
Rc8 22. axb6 dxe4 23. fxe4 Nxe4 24. Qf4 Nef6 25. Bf3 Bxf3 26. Qxf3 cxb4 27.
Rxa6 Nc5 28. Ra7 Nxb3 29. Qxb3 Qc5+ 30. Kh1 Re3 31. Qd1 Rce8 32. h3 Qxc4 33.
Bf4 Rd3 34. Qa1 Re2 35. b7 Rxh3+ 36. Bh2 Rxh2+ 37. Kxh2 Rxg2+ 38. Kxg2 Qg4+ 39.
Kf2 Qf4+ 40. Ke2 Qc4+ 41. Kd2 Qd5+ 42. Kc2 Qc4+ 43. Kb2 Qc3+ 44. Kb1 Qd3+ 45.
Ka2 Qc4+ 46. Kb2 Qc3+ 47. Kb1 Qd3+ 48. Kb2 1/2-1/2

[Event "37. Copenhagen Open (Politiken Cup)"]
[Site "Elsinore"]
[Date "2015.07.31"]
[Round "8"]
[White "Nielsen, Lars Aaes"]
[Black "Aabling Thomsen, Jakob"]
[Result "1-0"]
[WhiteElo "2201"]
[BlackElo "2333"]
[PlyCount "133"]
[EventDate "2015.07.25"]
[EventType "swiss"]
[EventRounds "10"]
[EventCountry "DEN"]
[Source "ChessBase"]
[SourceDate "2015.09.14"]

1. e4 c6 2. c4 e5 3. Nf3 d6 4. d4 Nd7 5. Nc3 Ngf6 6. Be2 Be7 7. O-O O-O 8. h3
a6 9. a4 exd4 10. Nxd4 Nc5 11. Qc2 Re8 12. Bf3 a5 13. Rd1 Qb6 14. Be3 Bf8 15.
g4 g6 16. Ra3 Qa6 17. Bg5 Bg7 18. b3 Qb6 19. Be3 Qc7 20. Nde2 Qe7 21. Ng3 Na6
22. Raa1 Nd7 23. Rac1 Ndc5 24. Bg2 Nb4 25. Qb1 Be6 26. Na2 Nba6 27. Rd2 Rad8
28. Rcd1 Bc8 29. Nc1 Nb4 30. Na2 Nba6 31. Nc1 Bc3 32. Re2 Be5 33. f4 Bg7 34.
Nd3 Qc7 35. Nxc5 dxc5 36. e5 f6 37. exf6 Bxf6 38. Ne4 Bg7 39. Red2 Rxd2 40.
Rxd2 Qe7 41. Qd3 Nb4 42. Qd6 Qxd6 43. Rxd6 b6 44. Kf2 Nc2 45. Rd3 Nxe3 46. Kxe3
Bd4+ 47. Kf3 Re7 48. Ng3 b5 49. Ne2 Bb7 50. Nxd4 cxd4 51. c5 Bc8 52. Kf2 bxa4
53. bxa4 Rd7 54. Bxc6 Rc7 55. Bd5+ Kg7 56. c6 h5 57. Kf3 hxg4+ 58. hxg4 g5 59.
Rxd4 Kf6 60. Be4 Rg7 61. Rd8 Rc7 62. Rd6+ Ke7 63. Rh6 gxf4 64. Rh7+ Kd6 65.
Rxc7 Kxc7 66. g5 Be6 67. g6 1-0

[Event "37. Copenhagen Open (Politiken Cup)"]
[Site "Elsinore"]
[Date "2015.07.31"]
[Round "8"]
[White "Nielsen, Leo"]
[Black "Jensen, Jonbert"]
[Result "1-0"]
[WhiteElo "1775"]
[BlackElo "1569"]
[PlyCount "65"]
[EventDate "2015.07.25"]
[EventType "swiss"]
[EventRounds "10"]
[EventCountry "DEN"]
[Source "ChessBase"]
[SourceDate "2015.09.14"]

1. e4 e5 2. Nf3 Nf6 3. Nc3 Nc6 4. d4 exd4 5. Nxd4 Nxd4 6. Qxd4 d6 7. Bg5 Be7 8.
O-O-O Bd7 9. Bc4 c5 10. Qd3 O-O 11. h4 Be6 12. f3 a6 13. Bxf6 Bxc4 14. Qxc4
Bxf6 15. Nd5 b5 16. Qd3 Rb8 17. Nxf6+ Qxf6 18. Qxd6 Qe6 19. Qxe6 fxe6 20. Rd6
Kf7 21. Rxa6 Ra8 22. Rxa8 Rxa8 23. Kb1 Ke7 24. Rd1 b4 25. c3 Rb8 26. cxb4 Rxb4
27. Kc2 e5 28. Kc3 Rd4 29. Rxd4 cxd4+ 30. Kd3 h6 31. f4 Ke6 32. fxe5 Kxe5 33.
a4 1-0

[Event "37. Copenhagen Open (Politiken Cup)"]
[Site "Elsinore"]
[Date "2015.07.31"]
[Round "8"]
[White "Nielsen, Viktor"]
[Black "Larsen, Preben R"]
[Result "1/2-1/2"]
[WhiteElo "2069"]
[BlackElo "1808"]
[PlyCount "120"]
[EventDate "2015.07.25"]
[EventType "swiss"]
[EventRounds "10"]
[EventCountry "DEN"]
[Source "ChessBase"]
[SourceDate "2015.09.14"]

1. e4 c5 2. Nf3 Nc6 3. Nc3 d6 4. d4 cxd4 5. Nxd4 e5 6. Nb3 Nf6 7. Be2 Be6 8.
O-O d5 9. exd5 Nxd5 10. Nxd5 Qxd5 11. Qxd5 Bxd5 12. Re1 Be7 13. Bb5 f6 14. Be3
Kf7 15. c3 Rhd8 16. Rad1 a6 17. Bf1 Be6 18. f3 Rxd1 19. Rxd1 Rd8 20. Rxd8 Nxd8
21. c4 Nc6 22. Nc5 Bc8 23. a3 Na5 24. b4 Bxc5 25. Bxc5 Nb3 26. Be3 f5 27. Bd3
f4 28. Bb6 Be6 29. b5 axb5 30. cxb5 Nd2 31. Kf2 Nc4 32. Bc5 b6 33. Bb4 Nb2 34.
Be2 Bb3 35. Bc3 Nc4 36. Bd3 Kf6 37. a4 Nd6 38. Bb4 Ke6 39. a5 bxa5 40. Bxa5 Nb7
41. Bb4 g6 42. Ke2 Nd6 43. Kd2 Bd5 44. Kc3 Nb7 45. Bc4 g5 46. Bd3 h5 47. h3 g4
48. hxg4 hxg4 49. Be2 g3 50. Kd2 e4 51. fxe4 Bxe4 52. Bf1 f3 53. gxf3 Bxf3 54.
Ke3 g2 55. Bc4+ Bd5 56. Bxd5+ Kxd5 57. Kf2 Kc4 58. b6 Kxb4 59. Kxg2 Kb5 60. Kh1
Kxb6 1/2-1/2

[Event "37. Copenhagen Open (Politiken Cup)"]
[Site "Elsinore"]
[Date "2015.07.31"]
[Round "8"]
[White "Nisipeanu, Liviu Dieter"]
[Black "Shankland, Samuel L"]
[Result "1/2-1/2"]
[WhiteElo "2654"]
[BlackElo "2656"]
[PlyCount "35"]
[EventDate "2015.07.25"]
[EventType "swiss"]
[EventRounds "10"]
[EventCountry "DEN"]
[Source "ChessBase"]
[SourceDate "2015.09.14"]

1. Nf3 c5 2. c4 Nc6 3. Nc3 Nf6 4. e3 e6 5. d4 d5 6. cxd5 Nxd5 7. Bd3 Be7 8. O-O
O-O 9. a3 Nxc3 10. bxc3 b6 11. Qe2 Bb7 12. Bb2 Qc7 13. Rad1 Rfd8 14. c4 h6 15.
Bb1 cxd4 16. exd4 Na5 17. Ne5 Bd6 18. f4 1/2-1/2

[Event "37. Copenhagen Open (Politiken Cup)"]
[Site "Elsinore"]
[Date "2015.07.31"]
[Round "8"]
[White "Nordenbaek, Jan"]
[Black "Bering, Anders"]
[Result "1-0"]
[WhiteElo "2134"]
[BlackElo "1996"]
[PlyCount "59"]
[EventDate "2015.07.25"]
[EventType "swiss"]
[EventRounds "10"]
[EventCountry "DEN"]
[Source "ChessBase"]
[SourceDate "2015.09.14"]

1. e4 e5 2. Nf3 Nc6 3. Bb5 a6 4. Ba4 Nf6 5. Qe2 b5 6. Bb3 Be7 7. O-O O-O 8. h3
d6 9. c3 Bb7 10. d3 Qd7 11. a4 Na5 12. Bc2 c5 13. Nbd2 Nc6 14. Re1 b4 15. Nc4
Qc7 16. a5 Na7 17. cxb4 cxb4 18. Be3 Nb5 19. Rec1 Bd8 20. Bb3 Qe7 21. Qe1 d5
22. Ncxe5 dxe4 23. Bc5 Nd6 24. Qxb4 Bc7 25. dxe4 Bxe4 26. Re1 Rfb8 27. Nc6 Bxc6
28. Rxe7 Rxb4 29. Bxb4 Bxf3 30. Rxc7 1-0

[Event "37. Copenhagen Open (Politiken Cup)"]
[Site "Elsinore"]
[Date "2015.07.31"]
[Round "8"]
[White "Norevall, Ulf"]
[Black "Sorensen, Bernhard W"]
[Result "1/2-1/2"]
[WhiteElo "1905"]
[BlackElo "1704"]
[PlyCount "74"]
[EventDate "2015.07.25"]
[EventType "swiss"]
[EventRounds "10"]
[EventCountry "DEN"]
[Source "ChessBase"]
[SourceDate "2015.09.14"]

1. d4 e6 2. c4 d5 3. Nc3 f5 4. g3 Nf6 5. Bg2 c6 6. Nf3 Bd6 7. b3 Nbd7 8. O-O
O-O 9. Qc2 Ne4 10. Nd2 Bb4 11. Ndxe4 fxe4 12. a3 Bd6 13. c5 Bc7 14. b4 e5 15.
Be3 exd4 16. Bxd4 Ne5 17. Rad1 Bf5 18. Bxe5 Bxe5 19. Bxe4 Bh3 20. Bg2 Bg4 21.
Nxd5 Qe8 22. Ne3 Be6 23. Qe4 Bb2 24. Rd6 Rf6 25. Qd3 Be5 26. Nc4 Bxd6 27. Nxd6
Qe7 28. a4 a6 29. b5 axb5 30. axb5 Bd7 31. Rd1 Rb8 32. h4 Bg4 33. f3 Bd7 34.
Ne4 Rf7 35. Nd6 Rf6 36. Ne4 Rf7 37. Nd6 Rf6 1/2-1/2

[Event "37. Copenhagen Open (Politiken Cup)"]
[Site "Elsinore"]
[Date "2015.07.31"]
[Round "8"]
[White "Olofsson Dolk, Mattis"]
[Black "Aagaard, Jacob"]
[Result "1/2-1/2"]
[WhiteElo "2253"]
[BlackElo "2506"]
[PlyCount "112"]
[EventDate "2015.07.25"]
[EventType "swiss"]
[EventRounds "10"]
[EventCountry "DEN"]
[Source "ChessBase"]
[SourceDate "2015.09.14"]

1. e4 d6 2. d4 Nf6 3. Nc3 e5 4. Nf3 Nbd7 5. Bc4 Be7 6. O-O O-O 7. Re1 Nb6 8.
Bf1 exd4 9. Nxd4 Re8 10. h3 Nfd7 11. Be3 Bf6 12. f4 Bh4 13. Bf2 Bxf2+ 14. Kxf2
Qf6 15. Kg1 Qxf4 16. Ndb5 d5 17. Nxd5 Nxd5 18. exd5 Rxe1 19. Qxe1 Nf6 20. g3
Qf5 21. Nxc7 Rb8 22. Qf2 Qe5 23. Nb5 Bxh3 24. Bxh3 Qxb2 25. Qf1 a6 26. Rb1 Qxa2
27. Nd4 Qxd5 28. c3 b5 29. Rd1 Rd8 30. Bg2 Qc5 31. Qf3 b4 32. cxb4 Qxb4 33. Nc6
Qc5+ 34. Kh1 Re8 35. Rd8 Rxd8 36. Nxd8 Qc1+ 37. Kh2 Qh6+ 38. Kg1 Qc1+ 39. Kh2
Qc5 40. Nb7 Qb6 41. Qc6 Ng4+ 42. Kh3 Nf2+ 43. Kh2 Ng4+ 44. Kh3 Nf2+ 45. Kh2
Qxc6 46. Bxc6 Nd3 47. Be4 Nb4 48. Kg2 g6 49. g4 Kg7 50. Kf3 Kf6 51. Kf4 h6 52.
Na5 Ke6 53. Nc6 Nxc6 54. Bxc6 a5 55. Ba4 f5 56. gxf5+ gxf5 1/2-1/2

[Event "37. Copenhagen Open (Politiken Cup)"]
[Site "Elsinore"]
[Date "2015.07.31"]
[Round "8"]
[White "Olsen, Kaj"]
[Black "Edwardsson, Hannu Kalervo"]
[Result "1/2-1/2"]
[WhiteElo "1701"]
[BlackElo "1452"]
[PlyCount "90"]
[EventDate "2015.07.25"]
[EventType "swiss"]
[EventRounds "10"]
[EventCountry "DEN"]
[Source "ChessBase"]
[SourceDate "2015.09.14"]

1. e4 e5 2. Nf3 d6 3. Nc3 Nf6 4. Bc4 Be6 5. Bxe6 fxe6 6. d4 exd4 7. Nxd4 Qd7 8.
Bg5 Be7 9. f4 O-O 10. O-O Nc6 11. Nxc6 bxc6 12. e5 Nd5 13. Bxe7 Qxe7 14. Nxd5
cxd5 15. Qd4 a6 16. f5 c5 17. exd6 cxd4 18. dxe7 Rfe8 19. fxe6 Rxe7 20. Rad1
Rxe6 21. Rxd4 Re2 22. Rxd5 Rxc2 23. b4 Rxa2 24. Ra5 Rxa5 25. bxa5 Rb8 26. Rf5
Rb1+ 27. Kf2 Rb2+ 28. Kg3 Rb3+ 29. Kg4 Rb4+ 30. Kh3 Rb3+ 31. g3 Ra3 32. Kh4 Ra2
33. Kh3 Ra4 34. g4 Ra3+ 35. Kh4 Ra2 36. h3 Ra4 37. Kg5 Rc4 38. Re5 Rc6 39. Kf4
Rc4+ 40. Re4 Rc5 41. Re5 Rc4+ 42. Kf5 Rc6 43. Re6 Rc5+ 44. Re5 Rc6 45. Re6 Rc5+
1/2-1/2

[Event "37. Copenhagen Open (Politiken Cup)"]
[Site "Elsinore"]
[Date "2015.07.31"]
[Round "8"]
[White "Ozcan, Guney"]
[Black "Morkedal, Oyvind"]
[Result "0-1"]
[WhiteElo "1903"]
[BlackElo "1689"]
[PlyCount "74"]
[EventDate "2015.07.25"]
[EventType "swiss"]
[EventRounds "10"]
[EventCountry "DEN"]
[Source "ChessBase"]
[SourceDate "2015.09.14"]

1. e4 c5 2. d4 cxd4 3. c3 dxc3 4. Nxc3 Nc6 5. Nf3 e6 6. Bc4 a6 7. O-O Be7 8.
Bf4 d6 9. Rc1 Bd7 10. Bxd6 Bxd6 11. Qxd6 Qe7 12. Qg3 Qf6 13. Rfd1 Rd8 14. e5
Qg6 15. Qf4 Nge7 16. Ne4 O-O 17. Nh4 Qh5 18. Nf6+ gxf6 19. exf6 Ng6 20. Nxg6
hxg6 21. Be2 Qf5 22. Qh4 g5 23. Qh5 Qxf6 24. Bd3 Qg7 25. h4 Ne5 26. Rc5 f6 27.
hxg5 Nxd3 28. gxf6 Qh7 29. Rg5+ Kh8 30. Qf3 Be8 31. Rg7 Qf5 32. Qxb7 Qxf2+ 33.
Kh1 Qh4+ 34. Kg1 Rxf6 35. Rh7+ Qxh7 36. Qxa6 Qe4 37. Qa5 Qe3+ 0-1

[Event "37. Copenhagen Open (Politiken Cup)"]
[Site "Elsinore"]
[Date "2015.07.31"]
[Round "8"]
[White "Pedersen, Kim Michael"]
[Black "Klitgaard, Ebbe"]
[Result "1/2-1/2"]
[WhiteElo "1764"]
[BlackElo "1961"]
[PlyCount "47"]
[EventDate "2015.07.25"]
[EventType "swiss"]
[EventRounds "10"]
[EventCountry "DEN"]
[Source "ChessBase"]
[SourceDate "2015.09.14"]

1. d4 Nf6 2. Nf3 e6 3. Bf4 d5 4. e3 Bd6 5. Ne5 O-O 6. Bd3 Nbd7 7. Nd2 Qe7 8. g4
c5 9. c3 cxd4 10. cxd4 Bb4 11. f3 Nxe5 12. Bxe5 Bxd2+ 13. Qxd2 Nd7 14. Bg3 e5
15. Bf5 e4 16. Rc1 g6 17. Bxd7 Qxd7 18. Rc7 Qe6 19. h3 exf3 20. O-O Qe4 21. Qf2
Be6 22. Rxb7 Rfc8 23. Qxf3 Qxf3 24. Rxf3 1/2-1/2

[Event "37. Copenhagen Open (Politiken Cup)"]
[Site "Elsinore"]
[Date "2015.07.31"]
[Round "8"]
[White "Perrett, David C"]
[Black "Salerno, Christian"]
[Result "1/2-1/2"]
[WhiteElo "1937"]
[BlackElo "2129"]
[PlyCount "87"]
[EventDate "2015.07.25"]
[EventType "swiss"]
[EventRounds "10"]
[EventCountry "DEN"]
[Source "ChessBase"]
[SourceDate "2015.09.14"]

1. d4 g6 2. Nf3 Nf6 3. e3 Bg7 4. Bc4 d5 5. Bd3 Nbd7 6. h3 c5 7. c3 b6 8. Nbd2
Bb7 9. b3 Qc7 10. Bb2 O-O 11. Rc1 e5 12. dxe5 Nxe5 13. Nxe5 Qxe5 14. Nf3 Qd6
15. O-O Nd7 16. Ba1 Ne5 17. c4 Nxf3+ 18. Qxf3 Bxa1 19. Rxa1 dxc4 20. Qxb7 cxd3
21. Qa6 Rfd8 22. Rfd1 d2 23. Rab1 Qd3 24. Qxd3 Rxd3 25. Rb2 Rad8 26. Kf1 Kg7
27. Ke2 Kf6 28. Rc2 Ke6 29. f3 f5 30. Rdxd2 Rxd2+ 31. Rxd2 Rxd2+ 32. Kxd2 b5
33. Kc3 h5 34. h4 Kf6 35. Kd3 g5 36. hxg5+ Kxg5 37. g3 Kf6 38. a4 a6 39. axb5
axb5 40. f4 Ke7 41. e4 fxe4+ 42. Kxe4 Ke6 43. Ke3 Kf6 44. Ke2 1/2-1/2

[Event "37. Copenhagen Open (Politiken Cup)"]
[Site "Elsinore"]
[Date "2015.07.31"]
[Round "8"]
[White "Petersen, Jan"]
[Black "Andreassen, Mikkel"]
[Result "0-1"]
[WhiteElo "1699"]
[BlackElo "1954"]
[PlyCount "133"]
[EventDate "2015.07.25"]
[EventType "swiss"]
[EventRounds "10"]
[EventCountry "DEN"]
[Source "ChessBase"]
[SourceDate "2015.09.14"]

1. d4 d5 2. c4 c6 3. Nc3 e6 4. Nf3 Nf6 5. Bg5 h6 6. Bh4 dxc4 7. e4 g5 8. Bg3 b5
9. e5 Nd5 10. Be2 Nd7 11. O-O Bb7 12. Nd2 Nxc3 13. bxc3 c5 14. Bf3 Bd5 15. Bxd5
exd5 16. Re1 Qb6 17. Qh5 Qg6 18. Qxg6 fxg6 19. e6 Nb6 20. e7 Bxe7 21. Bd6 Rh7
22. Bxc5 Na4 23. Re6 Kd7 24. Rxg6 Bxc5 25. dxc5 Nxc5 26. Re1 Re8 27. Rxe8 Kxe8
28. Rd6 Rd7 29. Rxh6 d4 30. Rh8+ Ke7 31. Rh7+ Kd8 32. Rxd7+ Kxd7 33. Nb1 Na4
34. Kf1 dxc3 35. Na3 b4 36. Nxc4 Nb2 37. Ne3 Ke6 38. Ke2 a5 39. Nc2 Ke5 40. g3
Nc4 41. Kd3 Kd5 42. h4 gxh4 43. gxh4 Ne5+ 44. Ke2 Ke4 45. Na1 a4 46. h5 Kf5 47.
Nc2 Nc6 48. Kd3 Kg5 49. Kc4 Kxh5 50. a3 b3 51. Kxc3 bxc2 52. Kxc2 Nd4+ 53. Kb2
Nb5 54. Kc2 Nxa3+ 55. Kb2 Nb5 56. Kc2 Kg4 57. Kd3 Kf3 58. Kc4 a3 59. Kb3 Kxf2
60. Ka2 Ke2 61. Kb1 Kd1 62. Ka2 Kc2 63. Ka1 Kb3 64. Kb1 Nd4 65. Ka1 Nc2+ 66.
Kb1 a2+ 67. Kc1 0-1

[Event "37. Copenhagen Open (Politiken Cup)"]
[Site "Elsinore"]
[Date "2015.07.31"]
[Round "8"]
[White "Petersen, Martin Reib"]
[Black "Svendsen, Peter"]
[Result "1-0"]
[WhiteElo "2122"]
[BlackElo "1969"]
[PlyCount "111"]
[EventDate "2015.07.25"]
[EventType "swiss"]
[EventRounds "10"]
[EventCountry "DEN"]
[Source "ChessBase"]
[SourceDate "2015.09.14"]

1. e4 d6 2. d4 Nf6 3. Nc3 e5 4. dxe5 dxe5 5. Qxd8+ Kxd8 6. Bg5 Nbd7 7. O-O-O
Bd6 8. Bc4 Ke8 9. f3 h6 10. Bxf6 Nxf6 11. Nb5 Ke7 12. Nxd6 cxd6 13. Ne2 Be6 14.
Bxe6 Kxe6 15. Nc3 Rhc8 16. Rd2 Rc5 17. Rhd1 Rd8 18. g4 b5 19. h4 b4 20. Nd5
Nxd5 21. Rxd5 Rd7 22. R1d3 Rxd5 23. Rxd5 Rc7 24. Rb5 h5 25. Rxb4 hxg4 26. fxg4
d5 27. exd5+ Kxd5 28. Kd2 g6 29. g5 Kc5 30. Re4 Kd5 31. Ra4 e4 32. Ra5+ Ke6 33.
c3 Rb7 34. b3 f5 35. gxf6 Kxf6 36. Ra4 Kf5 37. Ke3 Rc7 38. Rc4 Re7 39. Rd4 Re6
40. c4 Ra6 41. Rd2 Kg4 42. Kxe4 Kxh4 43. c5 g5 44. Rc2 Rc6 45. Kd5 Rc8 46. Kd6
g4 47. c6 g3 48. Kd7 Rg8 49. c7 Rg7+ 50. Kc6 g2 51. Rxg2 Rxg2 52. c8=Q Rc2+ 53.
Kb7 Rxc8 54. Kxc8 Kg5 55. Kb7 a5 56. Kb6 1-0

[Event "37. Copenhagen Open (Politiken Cup)"]
[Site "Elsinore"]
[Date "2015.07.31"]
[Round "8"]
[White "Petersen, Peter Birk"]
[Black "Kramer, Julian"]
[Result "0-1"]
[WhiteElo "2197"]
[BlackElo "2312"]
[PlyCount "126"]
[EventDate "2015.07.25"]
[EventType "swiss"]
[EventRounds "10"]
[EventCountry "DEN"]
[Source "ChessBase"]
[SourceDate "2015.09.14"]

1. e4 c5 2. Nc3 a6 3. g3 b5 4. Bg2 Bb7 5. d3 e6 6. Nf3 d6 7. O-O Nf6 8. Nh4
Nbd7 9. f4 Qc7 10. Qe2 b4 11. Nd1 Be7 12. Nf2 O-O 13. Nf3 Rfe8 14. g4 Bf8 15.
g5 Nh5 16. Nh4 g6 17. Ng4 f5 18. gxf6 Nhxf6 19. Nxf6+ Nxf6 20. Bd2 Bg7 21. c3
a5 22. Bf3 Qe7 23. Ng2 d5 24. e5 Nd7 25. c4 Nb6 26. Be1 d4 27. Bh4 Qd7 28. Ne1
Rf8 29. Bxb7 Qxb7 30. Qg4 Qf7 31. Nf3 Qf5 32. Qxf5 gxf5 33. Be7 Rfc8 34. Ng5
Rc6 35. Rf2 Re8 36. Bf6 h6 37. Bxg7 Kxg7 38. Nf3 Kf7 39. Kg2 Rg8+ 40. Kh3 Rg4
41. Rg1 Rxf4 42. Rg3 Nd7 43. Rfg2 Rxf3 44. Rxf3 Nxe5 45. Rfg3 f4 46. Rg7+ Kf6
47. Rh7 Nxd3 48. Rxh6+ Kf5 49. b3 Rc8 50. Rh5+ Ke4 51. Re2+ Kf3 52. Rxe6 Rg8
53. Rhh6 Rg2 54. Kh4 Rxh2+ 55. Kg5 Rxh6 56. Rxh6 Kg3 57. Kf5 Nf2 58. Rg6+ Kf3
59. Rc6 d3 60. Rxc5 d2 61. Rd5 d1=Q 62. Rxd1 Nxd1 63. c5 Nc3 0-1

[Event "37. Copenhagen Open (Politiken Cup)"]
[Site "Elsinore"]
[Date "2015.07.31"]
[Round "8"]
[White "Petersen, Rasmus"]
[Black "Justinussen, Sigurd B"]
[Result "0-1"]
[WhiteElo "1727"]
[BlackElo "1959"]
[PlyCount "102"]
[EventDate "2015.07.25"]
[EventType "swiss"]
[EventRounds "10"]
[EventCountry "DEN"]
[Source "ChessBase"]
[SourceDate "2015.09.14"]

1. d4 d5 2. c4 e6 3. Nc3 Nf6 4. Bg5 Nbd7 5. Nf3 c6 6. e3 Qa5 7. Qa4 Qxa4 8.
Nxa4 Bb4+ 9. Nc3 Ne4 10. Rc1 Nb6 11. Bd3 Bxc3+ 12. bxc3 Nxg5 13. Nxg5 Nxc4 14.
Bxc4 dxc4 15. O-O O-O 16. e4 b6 17. e5 Rd8 18. Ne4 Rd5 19. Nd6 c5 20. Rfd1 Ba6
21. f4 cxd4 22. cxd4 Rd8 23. Rc3 Ra5 24. a3 g6 25. Kf2 Rb8 26. Ke3 Kf8 27. Rb1
b5 28. g3 Rb6 29. h4 Bb7 30. Kd2 Bd5 31. Rb4 Bc6 32. Kc1 Rba6 33. Kb2 Ra4 34.
g4 Rxb4+ 35. axb4 Ra4 36. Ra3 Rxb4+ 37. Kc3 Rb3+ 38. Rxb3 cxb3 39. Kxb3 a5 40.
g5 Kg7 41. Nc8 h6 42. Nd6 h5 43. Kc3 Kf8 44. Kb3 Ke7 45. Nc8+ Kd7 46. Nd6 Bd5+
47. Kc3 Kc6 48. Nxf7 b4+ 49. Kb2 Be4 50. Nd6 Kd5 51. Nb5 Bf5 0-1

[Event "37. Copenhagen Open (Politiken Cup)"]
[Site "Elsinore"]
[Date "2015.07.31"]
[Round "8"]
[White "Philipsen, William Horup"]
[Black "Rendlev, Niels Moller"]
[Result "1-0"]
[WhiteElo "1943"]
[BlackElo "1785"]
[PlyCount "49"]
[EventDate "2015.07.25"]
[EventType "swiss"]
[EventRounds "10"]
[EventCountry "DEN"]
[Source "ChessBase"]
[SourceDate "2015.09.14"]

1. e4 c5 2. d4 cxd4 3. c3 d3 4. Bxd3 Nc6 5. Nf3 d6 6. h3 a6 7. c4 Nf6 8. Nc3 g6
9. Be3 Rb8 10. O-O Bg7 11. Rc1 b6 12. Nd5 O-O 13. Qa4 Ne5 14. Nxe5 dxe5 15.
Rfd1 Nd7 16. Bf1 e6 17. Nb4 Ra8 18. Nc6 Qf6 19. Qb4 a5 20. Qd2 Nc5 21. Bg5 Nxe4
22. Bxf6 Nxd2 23. Ne7+ Kh8 24. Bxg7+ Kxg7 25. Rxd2 1-0

[Event "37. Copenhagen Open (Politiken Cup)"]
[Site "Elsinore"]
[Date "2015.07.31"]
[Round "8"]
[White "Ragger, Markus"]
[Black "Hammer, Jon Ludvig"]
[Result "1/2-1/2"]
[WhiteElo "2688"]
[BlackElo "2677"]
[PlyCount "25"]
[EventDate "2015.07.25"]
[EventType "swiss"]
[EventRounds "10"]
[EventCountry "DEN"]
[Source "ChessBase"]
[SourceDate "2015.09.14"]

1. d4 Nf6 2. c4 e6 3. Nf3 d5 4. Nc3 Bb4 5. cxd5 exd5 6. Bf4 c6 7. Qb3 Qb6 8. a3
Be7 9. Qc2 Nh5 10. Bd2 O-O 11. e3 g6 12. Bd3 Ng7 13. O-O 1/2-1/2

[Event "37. Copenhagen Open (Politiken Cup)"]
[Site "Elsinore"]
[Date "2015.07.31"]
[Round "8"]
[White "Rakhmanov, Alexander"]
[Black "Kollars, Dmitrij"]
[Result "1-0"]
[WhiteElo "2626"]
[BlackElo "2437"]
[PlyCount "79"]
[EventDate "2015.07.25"]
[EventType "swiss"]
[EventRounds "10"]
[EventCountry "DEN"]
[Source "ChessBase"]
[SourceDate "2015.09.14"]

1. c4 e5 2. Nc3 Nf6 3. e3 d6 4. d4 Nbd7 5. g3 g6 6. Bg2 Bg7 7. Nge2 O-O 8. h3
Re8 9. b3 c6 10. Bb2 Qe7 11. g4 Nf8 12. Qd2 exd4 13. Nxd4 Ne6 14. Rd1 Nc5 15.
Nde2 Nfe4 16. Bxe4 Nxe4 17. Nxe4 Qxe4 18. Ng3 Qf3 19. Bxg7 Kxg7 20. Qxd6 Be6
21. Qd2 Rad8 22. Qe2 Rxd1+ 23. Qxd1 Qf6 24. O-O Rd8 25. Qe2 Qh4 26. Kg2 h5 27.
f3 hxg4 28. hxg4 Qf6 29. f4 Qc3 30. Ne4 Qd3 31. Qxd3 Rxd3 32. f5 gxf5 33. gxf5
Rxe3 34. fxe6 Rxe4 35. Rxf7+ Kg6 36. Kf3 Rxe6 37. Rxb7 a5 38. Ra7 Re5 39. Ra6
Rf5+ 40. Ke3 1-0

[Event "37. Copenhagen Open (Politiken Cup)"]
[Site "Elsinore"]
[Date "2015.07.31"]
[Round "8"]
[White "Ranaldi, Lucas"]
[Black "Schmitt, Carsten1"]
[Result "0-1"]
[WhiteElo "2142"]
[BlackElo "1988"]
[PlyCount "124"]
[EventDate "2015.07.25"]
[EventType "swiss"]
[EventRounds "10"]
[EventCountry "DEN"]
[Source "ChessBase"]
[SourceDate "2015.09.14"]

1. d4 d5 2. c4 e6 3. Nf3 c5 4. cxd5 exd5 5. g3 Nf6 6. Bg2 Be7 7. O-O O-O 8. Nc3
Nc6 9. dxc5 Bxc5 10. Na4 Bd6 11. b3 Re8 12. Bb2 Bg4 13. Rc1 Qe7 14. e3 Ne5 15.
Bxe5 Bxe5 16. Qd3 Bd6 17. Nc3 Rad8 18. Nb5 Bb8 19. Nbd4 g6 20. Rc2 a6 21. a4
Rc8 22. Rfc1 Rxc2 23. Rxc2 Rc8 24. Rxc8+ Bxc8 25. Qc3 Qc7 26. Qxc7 Bxc7 27. Kf1
Kf8 28. Ke2 Ke7 29. h4 h6 30. Ne1 Bg4+ 31. Bf3 Bxf3+ 32. Nexf3 Ne4 33. Nd2 Be5
34. N4f3 Bc3 35. Nxe4 dxe4 36. Nd2 Bxd2 37. Kxd2 Kd6 38. Kc3 Kc5 39. b4+ Kd5
40. Kb3 b5 41. axb5 axb5 42. Kc3 Ke5 43. Kd2 f6 44. Kc3 h5 45. Kd2 g5 46. Kc3
gxh4 47. gxh4 Kd5 48. Kb3 Ke6 49. Kc3 Ke5 50. Kd2 Kf5 51. Kc3 Kg4 52. Kd4 Kxh4
53. Kxe4 Kg4 54. f3+ Kg3 55. f4 h4 56. Kf5 h3 57. Kxf6 h2 58. f5 h1=Q 59. Ke5
Kg4 60. f6 Qh8 61. Ke6 Qe8+ 62. Kd6 Kf5 0-1

[Event "37. Copenhagen Open (Politiken Cup)"]
[Site "Elsinore"]
[Date "2015.07.31"]
[Round "8"]
[White "Rasmussen, Allan Stig"]
[Black "Nilssen, John Arni"]
[Result "1/2-1/2"]
[WhiteElo "2502"]
[BlackElo "2285"]
[PlyCount "75"]
[EventDate "2015.07.25"]
[EventType "swiss"]
[EventRounds "10"]
[EventCountry "DEN"]
[Source "ChessBase"]
[SourceDate "2015.09.14"]

1. d4 d5 2. Nf3 c6 3. c4 e6 4. e3 Nf6 5. Nc3 Nbd7 6. Bd3 a6 7. O-O dxc4 8. Bxc4
b5 9. Bd3 c5 10. a4 b4 11. Ne4 Bb7 12. Nxf6+ Nxf6 13. Qe2 Qb8 14. e4 cxd4 15.
Nxd4 Bd6 16. Kh1 Bf4 17. Bb5+ Kf8 18. Bc6 Be5 19. Qc4 Bxd4 20. Qxb4+ Kg8 21.
Bxb7 e5 22. Bd2 Ra7 23. Bc6 Qxb4 24. Bxb4 h6 25. Rac1 Bxb2 26. Rc2 Bd4 27. Bc5
Bxc5 28. Rxc5 Rc7 29. Rfc1 Kh7 30. f3 Rhc8 31. a5 Ng8 32. R5c2 Ne7 33. Ba4 Rxc2
34. Rxc2 Rxc2 35. Bxc2 Nc6 36. Bb3 Kg6 37. Bc4 Kf6 38. Bxa6 1/2-1/2

[Event "37. Copenhagen Open (Politiken Cup)"]
[Site "Elsinore"]
[Date "2015.07.31"]
[Round "8"]
[White "Rasmussen, Jonas H"]
[Black "Myhre, Mads Wollan"]
[Result "1-0"]
[WhiteElo "1852"]
[BlackElo "1686"]
[PlyCount "113"]
[EventDate "2015.07.25"]
[EventType "swiss"]
[EventRounds "10"]
[EventCountry "DEN"]
[Source "ChessBase"]
[SourceDate "2015.09.14"]

1. d4 d5 2. c4 c6 3. Nf3 Nf6 4. Qc2 e6 5. g3 Nbd7 6. Bg2 Bd6 7. O-O O-O 8. Re1
Re8 9. Nbd2 Qc7 10. Nb3 dxc4 11. Qxc4 e5 12. dxe5 Nxe5 13. Qc2 h6 14. Nxe5 Bxe5
15. Be3 Ng4 16. Bd4 Bxd4 17. Nxd4 Qb6 18. e3 Be6 19. Nxe6 Rxe6 20. h3 Nf6 21.
Rad1 Rd8 22. Rxd8+ Qxd8 23. Qb3 b6 24. Rd1 Rd6 25. Rxd6 Qxd6 26. Qa4 b5 27. Qc2
c5 28. Bf1 a6 29. Qd3 Qxd3 30. Bxd3 Nd5 31. Be4 Nc7 32. Kf1 Kf8 33. Ke2 Ke7 34.
Kd3 Kd6 35. Kc3 Nd5+ 36. Bxd5 Kxd5 37. f3 f5 38. b3 g5 39. g4 fxg4 40. hxg4 Ke6
41. Kd3 Kd5 42. f4 c4+ 43. bxc4+ bxc4+ 44. Kc3 h5 45. gxh5 g4 46. h6 g3 47. h7
g2 48. h8=Q g1=Q 49. Qd4+ Ke6 50. f5+ Kf7 51. Qd7+ Kf8 52. Qd6+ Kf7 53. Qg6+
Qxg6 54. fxg6+ Kxg6 55. Kxc4 Kf5 56. Kd5 Kf6 57. e4 1-0